Lecciones de gramática bicol-hispana / (Record no. 155365)

MARC details
000 -LEADER
campo de control de longitud fija 00657nam a2200205 i 4500
001 - NÚMERO DE CONTROL
campo de control 155365
003 - IDENTIFICADOR DE NÚMERO DE CONTROL
campo de control ES-MaACL
005 - FECHA Y HORA DE LA ÚLTIMA TRANSACCIÓN
campo de control 20251017063107.0
008 - DATOS DE LONGITUD FIJA--INFORMACIÓN GENERAL
campo de control de longitud fija 040720s1882 phl |||| | spa d
040 ## - FUENTE DE CATALOGACIÓN
Centro catalogador/agencia de origen CAM
Lengua de catalogación spa
Centro/agencia transcriptor CAM
100 1# - ENTRADA PRINCIPAL--NOMBRE DE PERSONA
Nombre de persona Herrejon, Santos,
Títulos y otros términos asociados al nombre (O.F.M.)
9 (RLIN) 127925
245 10 - MENCIÓN DEL TÍTULO
Título Lecciones de gramática bicol-hispana /
Mención de responsabilidad, etc. compuesta por Santos Herrejon.
250 ## - MENCION DE EDICION
Mención de edición 1ª ed.
260 ## - PUBLICACIÓN, DISTRIBUCIÓN, ETC.
Lugar de publicación, distribución, etc. Binondo :
Nombre del editor, distribuidor, etc. [s.n.],
Fecha de publicación, distribución, etc. 1882 (
Fabricante Estab. Tip. de M. Pérez, hijo)
300 ## - DESCRIPCIÓN FÍSICA
Extensión 211 p. ;
Dimensiones 23 cm.
650 #4 - PUNTO DE ACCESO ADICIONAL DE MATERIA--TÉRMINO DE MATERIA
Término de materia o nombre geográfico como elemento de entrada Lengua bicol.
9 (RLIN) 162861
651 #4 - PUNTO DE ACCESO ADICIONAL DE MATERIA--NOMBRE GEOGRÁFICO
Nombre geográfico Lenguas filipinas.
9 (RLIN) 206414
852 ## - LOCALIZACIÓN
Ubicación ES-MaACL
Número de control de estantería B-4439
Nota libre - Enc. hol.
Holdings
Estatus retirado Estado de pérdida Estado de daño No para préstamo Colección Biblioteca de origen Biblioteca actual Ubicación en estantería Fecha de adquisición Fuente de adquisición Total de préstamos Signatura topográfica completa Código de barras Visto por última vez Precio de reemplazo Tipo de ítem Koha
        Libros del s. XIX Biblioteca del Ateneo de Madrid Biblioteca del Ateneo de Madrid Sala Pardo Bazán 17/01/2008     B-4439 1162517 23/02/2023 23/02/2023 Libro impreso antiguo